000 00654nam a2200289Ia 4500
005 20260324133054.0
008 008 260324s9999 xx 000 0 eng d
020 _a9780203005293
037 _aEBOOK
040 _aCRL
040 _beng
040 _cCRL
041 _2eng
041 _aeng
084 _qCRL
100 _aStephen Lyng
_91191686
245 0 _aEdgework
245 4 _bThe Sociology of Risk-Taking
260 _bTaylor and Francis
260 _c2004
365 _a
365 _b280
856 _uhttp://www.taylorfrancis.com/books/9780203005293
942 _cEBOOK
999 _c1790402
_d1790402